01169nam a2200253Ia 4500003000900000008004100009020001800050040001600068080002300084111009300107245027600200260004800476300001700524490002800541650001700569650002900586700003000615700003200645700003500677710003800712942000700750999001700757952014100774IN-BaIIA211028s9999 xx 000 0 eng d a0-521-85205-6 cIIA Library a082.2:52bIAU-C199 aColloquium of the International Astronomical Unionn199thcChinad2005 Mar. 14-18929986 0aProbing galaxies through quasar absorption linesbproceedings of the 199th Colloquium of the International Astronomical Union held in Shanghai, China, March 14-18, 2005cedited by Peter R. Williams, Cheng-Gang Shu and Brice Menard  aCambridgebCambridge University Pressc2005 axxxiv, 493p. aIAU colloquium; no. 199 aGalaxy93368 aQuasar absorption929987 aMenard, Brice, ed.929988 aShu, Cheng-Gang, ed.929989 aWilliams, Peter R., ed.929990 aInternational Astronomical Union  cBK c16213d16213 00104070aBANbBANcGENd2006-08-30eCAM g4673.00l0o082.2:52/ IAU-C199p17135r2021-11-05v4673.00w2006-08-30yBKGRs. 4673.00